Sermones del Padre Antonio Vieira, de la Compañia de Jesus, predicador de S.A. el principe de Portugal

Detalles Bibliográficos
Autor principal: Vieira, Antonio de 1608-1697
Otros Autores: Cuvillas Donyague, Francisco de s. XVII (tr.), León, Gabriel de (ed.)
Formato: Libro
Lenguaje:Spanish
Publicado: en Madrid 1680
Materias:
Colección:Banco de datos
Acervo:Biblioteca Armando Olivares Carrillo de la Universidad de Guanajuato. Fondo Conventos
Descripción Física:2 t. 4°
Tema general:Homilética
Notas:Marca de fuego: Convento de san Antonio de Padua de san Miguel el Grande, (Allende), Gto.
Daños en la encuadernación
LEADER 01021nam a22002170004500
035 |a 5035 
041 0 |a spa 
050 4 |a BV4207  |b V5 
100 1 |a Vieira, Antonio de  |d 1608-1697 
245 1 0 |a Sermones del Padre Antonio Vieira, de la Compañia de Jesus, predicador de S.A. el principe de Portugal  |c traducidos del original del mismo autor, y con su aprobacion por el Lic. D. Francisco de Cubillas Donyague, presbytero, y abogado de los Reales Consejos 
260 |a en Madrid  |b por Juan Garcia Infanzon ; a costa de Gabriel de Leon, mercader de libros  |c 1680 
300 |a 2 t.  |c 4° 
500 |a Marca de fuego: Convento de san Antonio de Padua de san Miguel el Grande, (Allende), Gto. 
500 |a Daños en la encuadernación 
650 1 0 |a Homilética 
700 1 |a Cuvillas Donyague, Francisco de  |d s. XVII  |e tr. 
700 1 |a León, Gabriel de  |e ed. 
949 |a CO. t. 1 (9238) 
942 |c GUANAJUATO 
943 |g Biblioteca Armando Olivares Carrillo de la Universidad de Guanajuato. Fondo Conventos 
999 |c 1148992  |d 1148992